[Event "HUN-ch"]
[Site "Hungary"]
[Date "1973.??.??"]
[Round "?"]
[White "Adorjan, Andras"]
[Black "Sax, Gyula"]
[Result "1/2-1/2"]
[WhiteElo "2515"]
[BlackElo "2460"]
[PlyCount "61"]
[EventDate "1973.??.??"]
[EventType "tourn"]
[EventRounds "15"]
[EventCountry "HUN"]
[EventCategory "6"]
[Source "ChessBase"]
[SourceDate "1999.07.01"]
[WhiteTeamCountry "URS"]
[BlackTeamCountry "HUN"]

1. e4 c5 2. Nf3 Nc6 3. Bb5 g6 4. O-O Bg7 5. c3 Nf6 6. Re1 O-O 7. d4 cxd4 8.
cxd4 d5 9. e5 Ne4 10. Nc3 Nxc3 11. bxc3 Qa5 12. a4 Bg4 13. Re3 Rac8 14. h3 Bxf3
15. Rxf3 a6 16. Bf1 b5 17. Ba3 Ra8 18. e6 b4 19. exf7+ Kh8 20. cxb4 Qb6 21. Bb2
Nxd4 22. Bxd4 Qxd4 23. Rb1 e6 24. Qe1 Qb6 25. b5 a5 26. Rc1 e5 27. Rc6 Qb7 28.
Qd2 e4 29. Rf4 Rxf7 30. Rxf7 Qxf7 31. Qc2 1/2-1/2

[Event "HUN-ch"]
[Site "Hungary"]
[Date "1973.??.??"]
[Round "?"]
[White "Bilek, Istvan"]
[Black "Adorjan, Andras"]
[Result "1/2-1/2"]
[WhiteElo "2500"]
[BlackElo "2515"]
[PlyCount "48"]
[EventDate "1973.??.??"]
[EventType "tourn"]
[EventRounds "15"]
[EventCountry "HUN"]
[EventCategory "6"]
[Source "ChessBase"]
[SourceDate "1999.07.01"]
[WhiteTeamCountry "URS"]
[BlackTeamCountry "HUN"]

1. Nf3 g6 2. d4 Bg7 3. e4 d6 4. Nc3 Nf6 5. h3 O-O 6. Be3 c6 7. Be2 Qc7 8. O-O
e5 9. dxe5 dxe5 10. Nd2 Be6 11. a4 Nbd7 12. Qe1 b6 13. Rd1 a6 14. f4 exf4 15.
Bxf4 Ne5 16. Qg3 Nfd7 17. Nc4 Bxc4 18. Bxc4 b5 19. axb5 axb5 20. Bb3 Nc5 21.
Be3 Qe7 22. Bg5 Qe8 23. Qe3 Ne6 24. Bh4 Nc4 1/2-1/2

[Event "HUN-ch"]
[Site "Hungary"]
[Date "1973.??.??"]
[Round "?"]
[White "Dely, Peter"]
[Black "Adorjan, Andras"]
[Result "1/2-1/2"]
[WhiteElo "2480"]
[BlackElo "2515"]
[PlyCount "40"]
[EventDate "1973.??.??"]
[EventType "tourn"]
[EventRounds "15"]
[EventCountry "HUN"]
[EventCategory "6"]
[Source "ChessBase"]
[SourceDate "1999.07.01"]
[WhiteTeamCountry "URS"]
[BlackTeamCountry "HUN"]

1. e4 c5 2. Nf3 Nc6 3. d4 cxd4 4. Nxd4 g6 5. Nc3 Bg7 6. Be3 Nf6 7. Bc4 O-O 8.
Bb3 d6 9. f3 Bd7 10. Qd2 Nxd4 11. Bxd4 b5 12. O-O a5 13. a3 Rb8 14. Rad1 a4 15.
Ba2 b4 16. axb4 Rxb4 17. Ne2 Qb8 18. b3 Be6 19. Bc3 Rb7 20. Nd4 Bd7 1/2-1/2

[Event "HUN-ch"]
[Site "Hungary"]
[Date "1973.??.??"]
[Round "?"]
[White "Eperjesi, Laszlo"]
[Black "Adorjan, Andras"]
[Result "1/2-1/2"]
[WhiteElo "2200"]
[BlackElo "2515"]
[PlyCount "41"]
[EventDate "1973.??.??"]
[EventType "tourn"]
[EventRounds "15"]
[EventCountry "HUN"]
[EventCategory "6"]
[Source "ChessBase"]
[SourceDate "1999.07.01"]
[WhiteTeamCountry "URS"]
[BlackTeamCountry "HUN"]

1. d4 g6 2. c4 Bg7 3. Nc3 c5 4. d5 d6 5. e4 Nf6 6. Nf3 O-O 7. Be2 e6 8. O-O Re8
9. Qc2 exd5 10. cxd5 Na6 11. Bf4 Nb4 12. Qb1 Nh5 13. Bg5 f6 14. Bd2 f5 15. Bb5
Rf8 16. a3 Na6 17. Bg5 Qc7 18. exf5 Bxf5 19. Bd3 Rae8 20. Bxf5 Rxf5 21. Re1
1/2-1/2

[Event "HUN-ch"]
[Site "Hungary"]
[Date "1973.??.??"]
[Round "?"]
[White "Farago, Ivan"]
[Black "Adorjan, Andras"]
[Result "1/2-1/2"]
[WhiteElo "2440"]
[BlackElo "2515"]
[PlyCount "42"]
[EventDate "1973.??.??"]
[EventType "tourn"]
[EventRounds "15"]
[EventCountry "HUN"]
[EventCategory "6"]
[Source "ChessBase"]
[SourceDate "1999.07.01"]
[WhiteTeamCountry "URS"]
[BlackTeamCountry "HUN"]

1. d4 g6 2. c4 Bg7 3. Nc3 c5 4. d5 d6 5. e4 Nf6 6. Bf4 O-O 7. Nf3 e6 8. dxe6
Bxe6 9. Bxd6 Re8 10. Be2 Nc6 11. O-O Qa5 12. a3 Nd4 13. Nxd4 cxd4 14. Qxd4 Nd5
15. e5 Nxc3 16. Qxc3 Qxc3 17. bxc3 b6 18. c5 bxc5 19. Bf3 Rad8 20. Rfd1 Bb3 21.
Re1 Bf8 1/2-1/2

[Event "HUN-ch"]
[Site "Hungary"]
[Date "1973.??.??"]
[Round "?"]
[White "Gasztonyi, Endre"]
[Black "Adorjan, Andras"]
[Result "0-1"]
[WhiteElo "2200"]
[BlackElo "2515"]
[PlyCount "82"]
[EventDate "1973.??.??"]
[EventType "tourn"]
[EventRounds "15"]
[EventCountry "HUN"]
[EventCategory "6"]
[Source "ChessBase"]
[SourceDate "1999.07.01"]
[WhiteTeamCountry "URS"]
[BlackTeamCountry "HUN"]

1. d4 g6 2. c4 Bg7 3. Nc3 c5 4. Nf3 cxd4 5. Nxd4 Nc6 6. e3 Nf6 7. Be2 O-O 8.
O-O d6 9. Nc2 Be6 10. Nd5 Rc8 11. Nf4 Bf5 12. Nd4 Nxd4 13. exd4 e5 14. Nd3 exd4
15. Bf3 b6 16. b3 d5 17. Bb2 dxc4 18. bxc4 Re8 19. Qb3 Ne4 20. Bxe4 Bxe4 21.
Rae1 Qg5 22. f3 Bxd3 23. Qxd3 Re3 24. Qd2 Qc5 25. Rd1 Qxc4 26. Rc1 Qe6 27.
Rxc8+ Qxc8 28. Bxd4 Bxd4 29. Qxd4 Ra3 30. Qb2 Qc3 31. Rb1 Qxb2 32. Rxb2 h5 33.
Kf2 h4 34. Ke2 Kg7 35. Kf2 Kf6 36. g3 hxg3+ 37. Kxg3 Kg5 38. h4+ Kh5 39. Rc2 g5
40. hxg5 Kxg5 41. Rb2 f5 0-1

[Event "HUN-ch"]
[Site "Hungary"]
[Date "1973.??.??"]
[Round "?"]
[White "Hazai, Laszlo"]
[Black "Adorjan, Andras"]
[Result "0-1"]
[WhiteElo "2200"]
[BlackElo "2515"]
[PlyCount "90"]
[EventDate "1973.??.??"]
[EventType "tourn"]
[EventRounds "15"]
[EventCountry "HUN"]
[EventCategory "6"]
[Source "ChessBase"]
[SourceDate "1999.07.01"]
[WhiteTeamCountry "URS"]
[BlackTeamCountry "HUN"]

1. e4 c5 2. d3 g6 3. g3 Bg7 4. Bg2 Nc6 5. Nc3 d6 6. f4 e6 7. Nf3 Nge7 8. O-O
O-O 9. Rb1 b6 10. Re1 Bb7 11. Bd2 Qd7 12. Ne2 d5 13. e5 d4 14. g4 f6 15. exf6
Rxf6 16. Ng3 Nd5 17. Ng5 Nxf4 18. Bxf4 Rxf4 19. Nxe6 Rf7 20. Nxg7 Kxg7 21. Qe2
Nb4 22. Bxb7 Qxb7 23. Qe5+ Kg8 24. Ne4 Nxc2 25. Rf1 Ne3 26. Rxf7 Qxf7 27. Nf6+
Kf8 28. Re1 Qe7 29. Qxe7+ Kxe7 30. Nd5+ Kd6 31. Nxe3 dxe3 32. Rxe3 Rf8 33. Kg2
Rf4 34. h3 a5 35. a3 a4 36. Re2 b5 37. Kg3 Rf1 38. h4 Rd1 39. Kf4 Rxd3 40. Kg5
Rh3 41. Rd2+ Kc6 42. Rf2 b4 43. Rf7 h6+ 44. Kxg6 Rxh4 45. axb4 cxb4 0-1

[Event "HUN-ch"]
[Site "Hungary"]
[Date "1973.??.??"]
[Round "?"]
[White "Horvath, Gyula"]
[Black "Adorjan, Andras"]
[Result "0-1"]
[WhiteElo "2200"]
[BlackElo "2515"]
[PlyCount "64"]
[EventDate "1973.??.??"]
[EventType "tourn"]
[EventRounds "15"]
[EventCountry "HUN"]
[EventCategory "6"]
[Source "ChessBase"]
[SourceDate "1999.07.01"]
[WhiteTeamCountry "URS"]
[BlackTeamCountry "HUN"]

1. e4 g6 2. d4 Bg7 3. Nf3 d6 4. Bc4 Nf6 5. Qe2 O-O 6. Bb3 Nc6 7. h3 Nh5 8. c3
e5 9. dxe5 Nxe5 10. O-O Nxf3+ 11. Qxf3 Qh4 12. Na3 Bd7 13. Bd5 Nf6 14. Bxb7
Rab8 15. Bd5 Nxd5 16. exd5 Rfe8 17. Nc2 Bb5 18. Re1 Rxe1+ 19. Nxe1 Qc4 20. Bd2
Qf1+ 21. Kh2 Be5+ 22. Bf4 Qe2 23. Bxe5 Qxe5+ 24. Qg3 Qxd5 25. Nf3 Bc6 26. b3
Re8 27. Nd4 Bb7 28. Rd1 Re5 29. f4 Re3 30. c4 Qe4 31. Qg4 h5 32. Qg5 f6 0-1

[Event "Hoogovens-B"]
[Site "Wijk aan Zee"]
[Date "1973.01.??"]
[Round "1"]
[White "Adorjan, Andras"]
[Black "Portisch, Ferenc"]
[Result "1/2-1/2"]
[WhiteElo "2515"]
[BlackElo "2380"]
[PlyCount "46"]
[EventDate "1973.01.??"]
[EventType "tourn"]
[EventRounds "14"]
[EventCountry "NED"]
[EventCategory "4"]
[Source "ChessBase"]
[SourceDate "1997.11.17"]
[WhiteTeamCountry "URS"]
[BlackTeamCountry "HUN"]

1. e4 e6 2. d4 d5 3. Nd2 c5 4. exd5 exd5 5. Ngf3 Nc6 6. Bb5 Bd6 7. dxc5 Bxc5 8.
O-O Nge7 9. Nb3 Bd6 10. Bg5 O-O 11. Bh4 Qb6 12. Bd3 Nb4 13. Bg3 Nxd3 14. Qxd3
Bf5 15. Qd2 Rad8 16. Nfd4 Bxg3 17. hxg3 Be4 18. Qa5 Qxa5 19. Nxa5 Rd7 20. Rfe1
Rc8 21. Re2 Kf8 22. Rae1 Nf5 23. Nab3 Nd6 1/2-1/2

[Event "Hoogovens-B"]
[Site "Wijk aan Zee"]
[Date "1973.01.??"]
[Round "5"]
[White "Gerusel, Mathias"]
[Black "Adorjan, Andras"]
[Result "1/2-1/2"]
[WhiteElo "2415"]
[BlackElo "2515"]
[PlyCount "58"]
[EventDate "1973.01.??"]
[EventType "tourn"]
[EventRounds "14"]
[EventCountry "NED"]
[EventCategory "4"]
[Source "ChessBase"]
[SourceDate "1997.11.17"]
[WhiteTeamCountry "URS"]
[BlackTeamCountry "HUN"]

1. d4 Nf6 2. c4 g6 3. g3 c5 4. d5 Bg7 5. Nc3 d6 6. Bg2 O-O 7. e4 Na6 8. Nge2 e6
9. dxe6 Bxe6 10. b3 Nc7 11. Bf4 Nfe8 12. O-O Rb8 13. Qd3 b5 14. cxb5 Qd7 15.
Rad1 Nxb5 16. e5 dxe5 17. Qxd7 Bxd7 18. Bg5 Nd4 19. Be7 Rc8 20. f4 Nc7 21. Bxc5
Ncb5 22. b4 Rfe8 23. fxe5 Nxe2+ 24. Nxe2 Bg4 25. Rd2 Bf8 26. Bxf8 Kxf8 27. Nd4
Nxd4 28. Rxd4 Be2 29. Re1 Rxe5 1/2-1/2

[Event "Hoogovens-B"]
[Site "Wijk aan Zee"]
[Date "1973.01.??"]
[Round "7"]
[White "Hecht, Hans Joachim"]
[Black "Adorjan, Andras"]
[Result "1/2-1/2"]
[WhiteElo "2485"]
[BlackElo "2515"]
[PlyCount "36"]
[EventDate "1973.01.??"]
[EventType "tourn"]
[EventRounds "14"]
[EventCountry "NED"]
[EventCategory "4"]
[Source "ChessBase"]
[SourceDate "1997.11.17"]
[WhiteTeamCountry "URS"]
[BlackTeamCountry "HUN"]

1. e4 g6 2. d4 Bg7 3. Nc3 d6 4. Be3 c6 5. Qd2 Nd7 6. h4 Ngf6 7. f3 b5 8. Nh3
Bb7 9. Nf4 a6 10. Nd3 Qc7 11. a4 O-O 12. Bh6 e5 13. dxe5 Nxe5 14. h5 Nc4 15.
Qg5 Bxh6 16. Qxh6 d5 17. O-O-O dxe4 18. Qg5 exd3 1/2-1/2

[Event "Hoogovens-B"]
[Site "Wijk aan Zee"]
[Date "1973.01.??"]
[Round "8"]
[White "Adorjan, Andras"]
[Black "Van der Weide, Piet"]
[Result "1-0"]
[WhiteElo "2515"]
[BlackElo "2290"]
[PlyCount "63"]
[EventDate "1973.01.??"]
[EventType "tourn"]
[EventRounds "14"]
[EventCountry "NED"]
[EventCategory "4"]
[Source "ChessBase"]
[SourceDate "1997.11.17"]
[WhiteTeamCountry "URS"]
[BlackTeamCountry "HUN"]

1. e4 c5 2. Nf3 e6 3. Nc3 a6 4. d4 cxd4 5. Nxd4 d6 6. Be2 Nf6 7. O-O b5 8. Bf3
Nfd7 9. a4 bxa4 10. e5 d5 11. Bf4 Nb6 12. Nxa4 N8d7 13. Nxb6 Nxb6 14. Ra2 Bb7
15. Be2 Be7 16. Bd3 g6 17. Qe2 O-O 18. Rfa1 Qc7 19. Bxa6 Nc4 20. b3 Bxa6 21.
Rxa6 Rxa6 22. Rxa6 Na3 23. Nc6 Rc8 24. Nxe7+ Qxe7 25. Bh6 Qh4 26. Qd2 Nb1 27.
Qg5 Qe4 28. h3 Qe1+ 29. Kh2 Qxf2 30. Rd6 f6 31. exf6 Nc3 32. f7+ 1-0

[Event "Hoogovens-B"]
[Site "Wijk aan Zee"]
[Date "1973.01.??"]
[Round "9"]
[White "Sax, Gyula"]
[Black "Adorjan, Andras"]
[Result "1/2-1/2"]
[WhiteElo "2445"]
[BlackElo "2515"]
[PlyCount "33"]
[EventDate "1973.01.??"]
[EventType "tourn"]
[EventRounds "14"]
[EventCountry "NED"]
[EventCategory "4"]
[Source "ChessBase"]
[SourceDate "1997.11.17"]
[WhiteTeamCountry "URS"]
[BlackTeamCountry "HUN"]

1. e4 g6 2. d4 Bg7 3. Nc3 d6 4. Be2 Nf6 5. h4 Nc6 6. h5 Nxh5 7. Bxh5 gxh5 8.
Be3 e5 9. d5 Nd4 10. Rxh5 f5 11. exf5 Nxf5 12. Qd3 Qf6 13. O-O-O Nxe3 14. fxe3
Qg6 15. Qxg6+ hxg6 16. Rxh8+ Bxh8 17. Nf3 1/2-1/2

[Event "Hoogovens-B"]
[Site "Wijk aan Zee"]
[Date "1973.01.??"]
[Round "10"]
[White "Adorjan, Andras"]
[Black "Ghitescu, Theodor"]
[Result "1/2-1/2"]
[WhiteElo "2515"]
[BlackElo "2455"]
[PlyCount "44"]
[EventDate "1973.01.??"]
[EventType "tourn"]
[EventRounds "14"]
[EventCountry "NED"]
[EventCategory "4"]
[Source "ChessBase"]
[SourceDate "1997.11.17"]
[WhiteTeamCountry "URS"]
[BlackTeamCountry "HUN"]

1. e4 c5 2. Nf3 d6 3. d4 cxd4 4. Nxd4 Nf6 5. Nc3 a6 6. Be2 e5 7. Nb3 Be7 8. O-O
O-O 9. Be3 Qc7 10. a4 Be6 11. a5 Qc6 12. Qd3 Nbd7 13. Rfd1 Rac8 14. Rac1 Bc4
15. Qxc4 Qxc4 16. Bxc4 Rxc4 17. f3 Rfc8 18. Kf1 h6 19. Ke2 Rb4 20. Na2 Ra4 21.
Nc3 Rb4 22. Na2 Ra4 1/2-1/2

[Event "Hoogovens-B"]
[Site "Wijk aan Zee"]
[Date "1973.01.??"]
[Round "13"]
[White "Bednarski, Jacek"]
[Black "Adorjan, Andras"]
[Result "1/2-1/2"]
[WhiteElo "2400"]
[BlackElo "2515"]
[PlyCount "44"]
[EventDate "1973.01.??"]
[EventType "tourn"]
[EventRounds "14"]
[EventCountry "NED"]
[EventCategory "4"]
[Source "ChessBase"]
[SourceDate "1997.11.17"]
[WhiteTeamCountry "URS"]
[BlackTeamCountry "HUN"]

1. e4 g6 2. d4 Bg7 3. Nf3 c5 4. c4 cxd4 5. Nxd4 Nf6 6. Nc3 Nc6 7. f3 Nxd4 8.
Qxd4 d6 9. Be3 O-O 10. Qd2 Qa5 11. Be2 Be6 12. Rc1 Rfc8 13. Nd5 Qxd2+ 14. Kxd2
Nxd5 15. cxd5 Bd7 16. Rxc8+ Rxc8 17. Rc1 a6 18. Rxc8+ Bxc8 19. Kc2 e6 20. dxe6
Bxe6 21. b3 d5 22. exd5 Bxd5 1/2-1/2

[Event "Hoogovens-B"]
[Site "Wijk aan Zee"]
[Date "1973.01.??"]
[Round "14"]
[White "Adorjan, Andras"]
[Black "Markland, Peter Richard"]
[Result "1-0"]
[WhiteElo "2515"]
[BlackElo "2405"]
[PlyCount "53"]
[EventDate "1973.01.??"]
[EventType "tourn"]
[EventRounds "14"]
[EventCountry "NED"]
[EventCategory "4"]
[Source "ChessBase"]
[SourceDate "1997.11.17"]
[WhiteTeamCountry "URS"]
[BlackTeamCountry "HUN"]

1. e4 e5 2. Nf3 Nc6 3. Bb5 d6 4. d4 Bd7 5. Nc3 exd4 6. Nxd4 g6 7. O-O Bg7 8.
Bxc6 bxc6 9. f4 c5 10. Nde2 Ne7 11. f5 gxf5 12. Ng3 f4 13. Nh5 Bd4+ 14. Kh1 Ng6
15. Nd5 Bc6 16. Bxf4 Nxf4 17. Rxf4 Bxd5 18. exd5 Bxb2 19. Qe2+ Be5 20. Ng7+ Ke7
21. Raf1 Rf8 22. Rh4 Rh8 23. Rhf4 Rf8 24. Qe4 Qc8 25. Ne6 Qa6 26. Nxc7 Qc8 27.
Nxa8 1-0

[Event "HUN-ch"]
[Site "Hungary"]
[Date "1974.??.??"]
[Round "?"]
[White "Adorjan, Andras"]
[Black "Csom, Istvan"]
[Result "1/2-1/2"]
[WhiteElo "2515"]
[BlackElo "2540"]
[PlyCount "25"]
[EventDate "1974.??.??"]
[EventType "tourn"]
[EventRounds "15"]
[EventCountry "HUN"]
[EventCategory "8"]
[Source "ChessBase"]
[SourceDate "1999.07.01"]
[WhiteTeamCountry "HUN"]
[BlackTeamCountry "URS"]

1. e4 c5 2. Nf3 d6 3. Bb5+ Nd7 4. d4 Ngf6 5. Nc3 cxd4 6. Qxd4 e5 7. Qd3 h6 8.
Nd2 Be7 9. Nc4 O-O 10. Bxd7 Bxd7 11. O-O Be6 12. Ne3 Rc8 13. Ned5 1/2-1/2

[Event "HUN-ch"]
[Site "Hungary"]
[Date "1974.??.??"]
[Round "?"]
[White "Adorjan, Andras"]
[Black "Farago, Ivan"]
[Result "1-0"]
[WhiteElo "2515"]
[BlackElo "2475"]
[PlyCount "75"]
[EventDate "1974.??.??"]
[EventType "tourn"]
[EventRounds "15"]
[EventCountry "HUN"]
[EventCategory "8"]
[Source "ChessBase"]
[SourceDate "1999.07.01"]
[WhiteTeamCountry "HUN"]
[BlackTeamCountry "URS"]

1. e4 e6 2. d4 d5 3. Nd2 Nf6 4. e5 Nfd7 5. c3 c5 6. f4 Nc6 7. Ndf3 Qa5 8. Be3
cxd4 9. Nxd4 Nxd4 10. Bxd4 Nb8 11. Nf3 Nc6 12. Bd3 Bd7 13. Be3 f5 14. b4 Qc7
15. O-O Be7 16. a3 O-O 17. Ra2 Be8 18. c4 d4 19. Nxd4 Nxd4 20. Bxd4 a5 21. Rb2
Rd8 22. Be3 b5 23. Qc2 axb4 24. axb4 Rxd3 25. Qxd3 bxc4 26. Qc3 Bb5 27. Ra2 Qc6
28. Ra7 Bh4 29. Rd1 Qe4 30. Qd4 Qc2 31. Qd2 Qe4 32. Bc5 Bc6 33. Ra3 Rd8 34. Bd6
Bf6 35. Re1 c3 36. Rxe4 cxd2 37. Rd4 g5 38. exf6 1-0

[Event "HUN-ch"]
[Site "Hungary"]
[Date "1974.??.??"]
[Round "?"]
[White "Adorjan, Andras"]
[Black "Horvath, Tamas"]
[Result "1/2-1/2"]
[WhiteElo "2515"]
[BlackElo "2280"]
[PlyCount "20"]
[EventDate "1974.??.??"]
[EventType "tourn"]
[EventRounds "15"]
[EventCountry "HUN"]
[EventCategory "8"]
[Source "ChessBase"]
[SourceDate "1999.07.01"]
[WhiteTeamCountry "HUN"]
[BlackTeamCountry "URS"]

1. e4 c5 2. Nf3 Nc6 3. Bb5 Nf6 4. e5 Nd5 5. Nc3 Nxc3 6. dxc3 d5 7. c4 a6 8. Ba4
b5 9. cxd5 Nb8 10. c4 bxa4 1/2-1/2

[Event "HUN-ch"]
[Site "Hungary"]
[Date "1974.??.??"]
[Round "?"]
[White "Adorjan, Andras"]
[Black "Rajna, George"]
[Result "1/2-1/2"]
[WhiteElo "2515"]
[BlackElo "2405"]
[PlyCount "24"]
[EventDate "1974.??.??"]
[EventType "tourn"]
[EventRounds "15"]
[EventCountry "HUN"]
[EventCategory "8"]
[Source "ChessBase"]
[SourceDate "1999.07.01"]
[WhiteTeamCountry "HUN"]
[BlackTeamCountry "URS"]

1. e4 e6 2. d4 d5 3. Nd2 Nf6 4. e5 Nfd7 5. c3 c5 6. Bd3 Nc6 7. Ne2 Be7 8. O-O
Qb6 9. Nf3 Nf8 10. h4 Bd7 11. b3 f5 12. c4 O-O-O 1/2-1/2

[Event "HUN-ch"]
[Site "Hungary"]
[Date "1974.??.??"]
[Round "?"]
[White "Adorjan, Andras"]
[Black "Tompa, Janos"]
[Result "1-0"]
[WhiteElo "2515"]
[BlackElo "2420"]
[PlyCount "61"]
[EventDate "1974.??.??"]
[EventType "tourn"]
[EventRounds "15"]
[EventCountry "HUN"]
[EventCategory "8"]
[Source "ChessBase"]
[SourceDate "1999.07.01"]
[WhiteTeamCountry "HUN"]
[BlackTeamCountry "URS"]

1. e4 c5 2. Nf3 e6 3. d4 cxd4 4. Nxd4 Nf6 5. Nc3 d6 6. f4 Be7 7. Be3 Nc6 8. Be2
Qc7 9. O-O O-O 10. Kh1 a6 11. Qe1 Nxd4 12. Bxd4 b5 13. a3 Bb7 14. Qg3 Rfd8 15.
Rae1 Ne8 16. Bd3 Rac8 17. Qf2 Qd7 18. Re3 Bf8 19. Rh3 Qe7 20. Nd1 Rd7 21. Ne3
g6 22. Qg3 Nf6 23. Qh4 e5 24. fxe5 Nh5 25. Qxh5 gxh5 26. Rg3+ Bg7 27. Nf5 Qf8
28. Nxg7 dxe5 29. Ne6+ Kh8 30. Bxe5+ f6 31. Rxf6 1-0

[Event "HUN-ch"]
[Site "Hungary"]
[Date "1974.??.??"]
[Round "?"]
[White "Adorjan, Andras"]
[Black "Vadasz, Laszlo"]
[Result "1/2-1/2"]
[WhiteElo "2515"]
[BlackElo "2460"]
[PlyCount "36"]
[EventDate "1974.??.??"]
[EventType "tourn"]
[EventRounds "15"]
[EventCountry "HUN"]
[EventCategory "8"]
[Source "ChessBase"]
[SourceDate "1999.07.01"]
[WhiteTeamCountry "HUN"]
[BlackTeamCountry "URS"]

1. e4 g6 2. d4 Bg7 3. Nc3 d6 4. f4 Nf6 5. Nf3 O-O 6. Bd3 Nc6 7. O-O Bg4 8. e5
Nd7 9. Be2 dxe5 10. dxe5 Nb6 11. Be3 f6 12. exf6 exf6 13. Qxd8 Raxd8 14. Rad1
Rxd1 15. Rxd1 Be6 16. Nd4 Nxd4 17. Bxd4 Rd8 18. Kf2 c6 1/2-1/2

[Event "HUN-ch"]
[Site "Hungary"]
[Date "1974.??.??"]
[Round "?"]
[White "Hazai, Laszlo"]
[Black "Adorjan, Andras"]
[Result "1/2-1/2"]
[WhiteElo "2420"]
[BlackElo "2515"]
[PlyCount "125"]
[EventDate "1974.??.??"]
[EventType "tourn"]
[EventRounds "15"]
[EventCountry "HUN"]
[EventCategory "8"]
[Source "ChessBase"]
[SourceDate "1999.07.01"]
[WhiteTeamCountry "HUN"]
[BlackTeamCountry "URS"]

1. e4 c5 2. Nf3 Nc6 3. Bb5 g6 4. O-O Bg7 5. d3 Nf6 6. Nc3 O-O 7. e5 Ne8 8. Bxc6
dxc6 9. h3 Nc7 10. Re1 Ne6 11. Ne4 b6 12. b3 Nd4 13. Bb2 f6 14. exf6 exf6 15.
Ned2 f5 16. Bxd4 cxd4 17. Qe2 Bf6 18. Nc4 b5 19. Nce5 Qd5 20. Nh2 Bb7 21. f4
Bh4 22. Qf3 Qxf3 23. Nhxf3 Bxe1 24. Rxe1 Rad8 25. Ra1 Rf6 26. a4 a6 27. b4 Rd5
28. Nd2 g5 29. g3 gxf4 30. gxf4 c5 31. axb5 cxb4 32. bxa6 Rxa6 33. Rxa6 Bxa6
34. Nc6 Rd6 35. Nxb4 Bb7 36. Nb3 Rb6 37. Na2 Ra6 38. Nac1 Rg6+ 39. Kf1 Bg2+ 40.
Kf2 Bxh3 41. Nxd4 h5 42. c4 Rg2+ 43. Kf3 h4 44. c5 Rg7 45. Kf2 Bg4 46. c6 Ra7
47. Ne6 Kf7 48. c7 Ra8 49. Nc5 Ke7 50. N1b3 Kd6 51. Na6 Rg8 52. Nd4 Kd7 53. Nb5
Be2 54. Nc5+ Kc8 55. Ne6 Bxd3 56. Nd6+ Kd7 57. c8=Q+ Rxc8 58. Nxc8 Kxe6 59. Kg2
Kd7 60. Nb6+ Kc6 61. Nc8 Kc7 62. Ne7 Kd7 63. Ng6 1/2-1/2

[Event "HUN-ch"]
[Site "Hungary"]
[Date "1974.??.??"]
[Round "?"]
[White "Honfi, Karoly"]
[Black "Adorjan, Andras"]
[Result "0-1"]
[WhiteElo "2470"]
[BlackElo "2515"]
[PlyCount "82"]
[EventDate "1974.??.??"]
[EventType "tourn"]
[EventRounds "15"]
[EventCountry "HUN"]
[EventCategory "8"]
[Source "ChessBase"]
[SourceDate "1999.07.01"]
[WhiteTeamCountry "HUN"]
[BlackTeamCountry "URS"]

1. e4 g6 2. d4 Bg7 3. Nf3 d6 4. Bc4 Nf6 5. Nc3 O-O 6. O-O Nxe4 7. Bxf7+ Rxf7 8.
Nxe4 h6 9. h3 Qf8 10. Re1 Nc6 11. d5 Rxf3 12. gxf3 Nd4 13. Kg2 g5 14. c3 Nf5
15. Rh1 Nh4+ 16. Kf1 Nxf3 17. Be3 Bd7 18. Nd2 Nh4 19. Qb3 b6 20. Ke2 Qf7 21.
Rag1 e6 22. dxe6 Bxe6 23. Qa4 Bd5 24. Kd1 Bxh1 25. Rxh1 c5 26. Kc1 d5 27. Kb1
d4 28. cxd4 b5 29. Qxb5 cxd4 30. Qc6 Qg6+ 31. Qxg6 Nxg6 32. Bxg5 hxg5 33. Ne4
Re8 34. f3 d3 35. Rg1 Nh4 36. Rxg5 Rb8 37. b3 Nxf3 38. Rd5 Nd4 39. Kc1 Re8 40.
Ng5 Ne2+ 41. Kd2 Bc3+ 0-1

[Event "HUN-ch"]
[Site "Hungary"]
[Date "1974.??.??"]
[Round "?"]
[White "Perenyi, Bela"]
[Black "Adorjan, Andras"]
[Result "1/2-1/2"]
[WhiteElo "2255"]
[BlackElo "2515"]
[PlyCount "80"]
[EventDate "1974.??.??"]
[EventType "tourn"]
[EventRounds "15"]
[EventCountry "HUN"]
[EventCategory "8"]
[Source "ChessBase"]
[SourceDate "1999.07.01"]
[WhiteTeamCountry "HUN"]
[BlackTeamCountry "URS"]

1. e4 c5 2. Nf3 Nc6 3. d4 cxd4 4. Nxd4 g6 5. Nc3 Bg7 6. Be3 Nf6 7. Bc4 O-O 8.
Bb3 d6 9. f3 Bd7 10. Qd2 Nxd4 11. Bxd4 b5 12. Nd5 Nxd5 13. Bxg7 Kxg7 14. Bxd5
Rc8 15. h4 h6 16. O-O-O Qc7 17. f4 Bg4 18. Rdf1 e6 19. Bb3 a5 20. a3 d5 21. h5
a4 22. Ba2 dxe4 23. Qd4+ e5 24. Qxe5+ Qxe5 25. fxe5 gxh5 26. Re1 f5 27. exf6+
Rxf6 28. Bd5 Bf5 29. Bxe4 Bxe4 30. Rxe4 Rf2 31. c3 Rxg2 32. Rxh5 Rf8 33. Rh1
Rf6 34. Rb4 Rf5 35. Kb1 Kg6 36. c4 bxc4 37. Rb6+ Kg7 38. Rbxh6 c3 39. Rh7+ Kf6
40. R7h6+ Kg7 1/2-1/2

[Event "HUN-ch"]
[Site "Hungary"]
[Date "1974.??.??"]
[Round "?"]
[White "Sax, Gyula"]
[Black "Adorjan, Andras"]
[Result "1/2-1/2"]
[WhiteElo "2505"]
[BlackElo "2515"]
[PlyCount "50"]
[EventDate "1974.??.??"]
[EventType "tourn"]
[EventRounds "15"]
[EventCountry "HUN"]
[EventCategory "8"]
[Source "ChessBase"]
[SourceDate "1999.07.01"]
[WhiteTeamCountry "HUN"]
[BlackTeamCountry "URS"]

1. e4 c5 2. Nf3 Nc6 3. Bb5 e6 4. O-O Nge7 5. b3 Nd4 6. Nxd4 cxd4 7. Bb2 a6 8.
Be2 Nc6 9. c3 Bc5 10. b4 Bb6 11. a4 d5 12. b5 axb5 13. axb5 Rxa1 14. Bxa1 Ne7
15. exd5 exd5 16. cxd4 O-O 17. Nc3 Nf5 18. Bg4 Qd6 19. Ne2 Be6 20. Bc3 Ra8 21.
Ng3 Qf4 22. Bxf5 Bxf5 23. Nxf5 Qxf5 24. Qe2 Qe6 25. Re1 Re8 1/2-1/2

[Event "HUN-ch"]
[Site "Hungary"]
[Date "1974.??.??"]
[Round "?"]
[White "Szilagyi, Peter"]
[Black "Adorjan, Andras"]
[Result "1/2-1/2"]
[WhiteElo "2420"]
[BlackElo "2515"]
[PlyCount "24"]
[EventDate "1974.??.??"]
[EventType "tourn"]
[EventRounds "15"]
[EventCountry "HUN"]
[EventCategory "8"]
[Source "ChessBase"]
[SourceDate "1999.07.01"]
[WhiteTeamCountry "HUN"]
[BlackTeamCountry "URS"]

1. e4 c5 2. Nf3 Nc6 3. d4 cxd4 4. Nxd4 g6 5. Nc3 Bg7 6. Nde2 Nf6 7. g3 O-O 8.
Bg2 d6 9. O-O Rb8 10. h3 b5 11. Be3 b4 12. Nd5 a5 1/2-1/2